[Event "LLO 2017/18"]
[Site "Mecklenburg-Vorpommern"]
[Date "2017.10.08"]
[Round "1.1"]
[White "Janisch, Harald"]
[Black "Lange, Jannis"]
[Result "1-0"]
[WhiteElo "1545"]
[BlackElo "1904"]
[PlyCount "65"]
[EventDate "2017.??.??"]
[EventType "team-tourn"]
[EventRounds "9"]
[SourceDate "2017.10.08"]
[WhiteTeam "SG Guestrow/Teterow II"]
[BlackTeam "SV Motor Wolgast"]

1. e4 c5 2. Nf3 Nc6 3. Bc4 d6 4. Nc3 a6 5. d4 cxd4 6. Nxd4 Nf6 7. Bb3 e5 8. Nf3
Bg4 9. h3 Bxf3 10. Qxf3 Nd4 11. Qg3 h6 12. Be3 Nxb3 13. axb3 Rc8 14. O-O Qd7
15. Rad1 Rxc3 16. bxc3 Nxe4 17. Qh4 Nxc3 18. Rd3 Qc6 19. Re1 Be7 20. Qg4 Kf8
21. Bd2 Nb5 22. f4 e4 23. Rd5 h5 24. Qf5 g6 25. Qxe4 Bf6 26. Bb4 Kg7 27. f5 Be5
28. fxg6 fxg6 29. c3 Nc7 30. Rxe5 dxe5 31. Qxe5+ Kh7 32. Qe7+ Kg8 33. Qd8+ 1-0

[Event "LLO 2017/18"]
[Site "Mecklenburg-Vorpommern"]
[Date "2017.10.08"]
[Round "1.2"]
[White "Krasov, Oleksi"]
[Black "Eulitz, Charlotte"]
[Result "1-0"]
[WhiteElo "1897"]
[BlackElo "1474"]
[PlyCount "79"]
[EventDate "2017.??.??"]
[EventType "team-tourn"]
[EventRounds "9"]
[SourceDate "2017.10.08"]
[WhiteTeam "SV Motor Wolgast"]
[BlackTeam "SG Guestrow/Teterow II"]

1. e4 c5 2. Nc3 d6 3. f4 Nc6 4. Nf3 Bg4 5. Bb5 e6 6. Bxc6+ bxc6 7. h3 Bxf3 8.
Qxf3 Qc7 9. O-O Nf6 10. Qg3 Nh5 11. Qg5 g6 12. f5 h6 13. Qg4 Nf6 14. Qg3 Nh5
15. Qf3 Bg7 16. fxg6 Bd4+ 17. Kh1 Nf6 18. gxf7+ Qxf7 19. e5 Bxe5 20. Qxc6+ Ke7
21. Qb7+ Kf8 22. Qxa8+ Kg7 23. Qf3 Rg8 24. d3 Qg6 25. Bf4 Bxf4 26. Qxf4 Nh5 27.
Qg4 Ng3+ 28. Kh2 Nxf1+ 29. Rxf1 Qxg4 30. hxg4 Rb8 31. b3 Rb4 32. Kg3 d5 33. Ne2
a5 34. Nf4 Rb6 35. Nh5+ Kh7 36. Rf7+ Kg8 37. Ra7 Rb5 38. a4 Rb6 39. Nf6+ Kh8
40. Rh7# 1-0

[Event "LLO 2017/18"]
[Site "Mecklenburg-Vorpommern"]
[Date "2017.10.08"]
[Round "1.3"]
[White "Zoll, Cindy"]
[Black "Reinke, Thomas"]
[Result "0-1"]
[WhiteElo "1333"]
[BlackElo "1919"]
[PlyCount "58"]
[EventDate "2017.??.??"]
[EventType "team-tourn"]
[EventRounds "9"]
[SourceDate "2017.10.08"]
[WhiteTeam "SG Guestrow/Teterow II"]
[BlackTeam "SV Motor Wolgast"]

1. f4 f5 2. e3 Nf6 3. Nf3 g6 4. d4 c6 5. Be2 Bg7 6. c3 d6 7. O-O Nbd7 8. Ng5
Nb6 9. Qb3 d5 10. Nd2 h6 11. Nh3 O-O 12. Nf3 Ne4 13. Ne5 Kh7 14. Nf2 Nd6 15.
Qd1 Nd7 16. Nfd3 Nf6 17. Bd2 Qc7 18. Be1 b6 19. Rf3 Nde4 20. Rh3 Bd7 21. Nf2
Nxf2 22. Bxf2 Ne4 23. Bh4 Bf6 24. Qe1 g5 25. fxg5 Bxe5 26. dxe5 Qxe5 27. gxh6
Rg8 28. Rf3 Rg6 29. Rd1 Rag8 0-1

[Event "LLO 2017/18"]
[Site "Mecklenburg-Vorpommern"]
[Date "2017.10.08"]
[Round "1.4"]
[White "Riebort, Frank"]
[Black "Tackmann, Lars Erik"]
[Result "1-0"]
[WhiteElo "1883"]
[BlackElo "1310"]
[PlyCount "97"]
[EventDate "2017.??.??"]
[EventType "team-tourn"]
[EventRounds "9"]
[SourceDate "2017.10.08"]
[WhiteTeam "SV Motor Wolgast"]
[BlackTeam "SG Guestrow/Teterow II"]

1. d4 d5 2. c4 e6 3. Nc3 c5 4. cxd5 cxd4 5. Qxd4 exd5 6. Qxd5 Qd6 7. Nf3 Nf6 8.
Qxd6 Bxd6 9. Nb5 Bb4+ 10. Bd2 Bxd2+ 11. Nxd2 Na6 12. e3 O-O 13. Be2 Rd8 14. Nd4
Nc7 15. O-O Ne6 16. N2b3 Ne4 17. Rac1 a6 18. Rfd1 Nf6 19. Bf3 Rb8 20. a3 h6 21.
Nxe6 Bxe6 22. Rxd8+ Rxd8 23. Nd4 Bd5 24. Bxd5 Nxd5 25. Kf1 Kf8 26. Ke2 g6 27.
g3 Kg7 28. f3 Kf6 29. e4 Nb6 30. Ke3 Rd7 31. b3 Kg7 32. a4 Kf6 33. f4 h5 34.
Rc5 Re7 35. h3 Kg7 36. g4 hxg4 37. hxg4 Kh6 38. a5 Na8 39. e5 Nc7 40. f5 Ne8
41. Kf4 Rd7 42. Ke4 Re7 43. Kf4 Rd7 44. Rc4 Nc7 45. e6 Re7 46. Ke5 Ne8 47. f6
Rc7 48. Rxc7 Nxc7 49. exf7 1-0

[Event "LLO 2017/18"]
[Site "Mecklenburg-Vorpommern"]
[Date "2017.10.08"]
[Round "1.5"]
[White "Jeske, Andre"]
[Black "Klotzsche, Stefan"]
[Result "0-1"]
[WhiteElo "1269"]
[BlackElo "1751"]
[PlyCount "58"]
[EventDate "2017.??.??"]
[EventType "team-tourn"]
[EventRounds "9"]
[SourceDate "2017.10.08"]
[WhiteTeam "SG Guestrow/Teterow II"]
[BlackTeam "SV Motor Wolgast"]

1. d4 e6 2. e4 d5 3. Nc3 Bb4 4. Bd2 Nf6 5. e5 Nfd7 6. Qg4 Kf8 7. a3 Bxc3 8.
Bxc3 b6 9. Nf3 c5 10. Bd3 Nc6 11. h4 cxd4 12. Bxd4 Qc7 13. Qf4 Nxd4 14. Nxd4
Qxe5+ 15. Qxe5 Nxe5 16. Be2 Bd7 17. Rh3 Ke7 18. b3 f6 19. Re3 Kf7 20. f4 Nc6
21. Nxc6 Bxc6 22. Kf2 b5 23. Bf3 Rhc8 24. Rae1 d4 25. Rxe6 Bxf3 26. Kxf3 Rc3+
27. Kg4 h5+ 28. Kxh5 g6+ 29. Kg4 f5+ 0-1

[Event "LLO 2017/18"]
[Site "Mecklenburg-Vorpommern"]
[Date "2017.10.08"]
[Round "1.6"]
[White "Rosin, Ralf"]
[Black "Kalettka, Joachim"]
[Result "1/2-1/2"]
[WhiteElo "1722"]
[BlackElo "1268"]
[PlyCount "28"]
[EventDate "2017.??.??"]
[EventType "team-tourn"]
[EventRounds "9"]
[SourceDate "2017.10.08"]
[WhiteTeam "SV Motor Wolgast"]
[BlackTeam "SG Guestrow/Teterow II"]

1. d4 Nf6 2. Nf3 e6 3. c4 d5 4. Nc3 c6 5. e3 Nbd7 6. cxd5 exd5 7. Be2 Bd6 8.
O-O O-O 9. b3 Re8 10. Bb2 Ne4 11. Bd3 f5 12. Ne2 g5 13. Ng3 Qf6 14. Nd2 Qg6
1/2-1/2

[Event "LLO 2017/18"]
[Site "Mecklenburg-Vorpommern"]
[Date "2017.10.08"]
[Round "1.7"]
[White "Figurski, Bernhard"]
[Black "Ploch, Gregor"]
[Result "0-1"]
[WhiteElo "1189"]
[BlackElo "1689"]
[PlyCount "74"]
[EventDate "2017.??.??"]
[EventType "team-tourn"]
[EventRounds "9"]
[SourceDate "2017.10.08"]
[WhiteTeam "SG Guestrow/Teterow II"]
[BlackTeam "SV Motor Wolgast"]

1. c4 Nf6 2. b3 c5 3. Nc3 d5 4. cxd5 Nxd5 5. Nxd5 Qxd5 6. Bb2 e5 7. Rc1 Nc6 8.
h3 b6 9. d3 Ba6 10. e4 Qd6 11. a3 Rd8 12. Nf3 Bxd3 13. Qxd3 Qxd3 14. Bxd3 Rxd3
15. Rc3 Rxc3 16. Bxc3 f6 17. Kd2 Nd4 18. Bxd4 cxd4 19. b4 Bd6 20. Rc1 Kd7 21.
Kd3 b5 22. Nd2 a5 23. bxa5 Bxa3 24. Ra1 Bb4 25. Rb1 Bxa5 26. Rxb5 Bxd2 27. Kxd2
Rc8 28. Rb7+ Rc7 29. Rxc7+ Kxc7 30. Kd3 h5 31. g3 Kd6 32. f4 g6 33. f5 gxf5 34.
exf5 Kd5 35. g4 hxg4 36. hxg4 e4+ 37. Kd2 Ke5 0-1

[Event "LLO 2017/18"]
[Site "Mecklenburg-Vorpommern"]
[Date "2017.10.08"]
[Round "1.8"]
[White "Schellner, Ulf"]
[Black "Roessler, Hans Juergen"]
[Result "1-0"]
[WhiteElo "1614"]
[BlackElo "1172"]
[PlyCount "69"]
[EventDate "2017.??.??"]
[EventType "team-tourn"]
[EventRounds "9"]
[SourceDate "2017.10.08"]
[WhiteTeam "SV Motor Wolgast"]
[BlackTeam "SG Guestrow/Teterow II"]

1. d4 d5 2. c4 dxc4 3. Nf3 Nf6 4. Nc3 e6 5. e3 Be7 6. Bxc4 O-O 7. O-O Nbd7 8.
Qe2 Nb6 9. Bb3 Bd7 10. Ne5 c6 11. Rd1 Nbd5 12. Bd2 Nxc3 13. Bxc3 Nd5 14. Be1
Bc8 15. Rac1 Nf6 16. a3 Qb6 17. Ba2 Nd7 18. Nc4 Qa6 19. Qc2 Nb6 20. Bb1 f5 21.
Ne5 Qa4 22. Qd3 Nd7 23. Nxd7 Bxd7 24. Bc2 Qb5 25. Qxb5 cxb5 26. Bb3 Rac8 27. d5
Kf7 28. Ba2 Rxc1 29. Rxc1 Rc8 30. dxe6+ Kf8 31. Rxc8+ Bxc8 32. Bc3 g5 33. Bd4
b6 34. b4 h5 35. Bd5 1-0

[Event "LLO 2017/18"]
[Site "Mecklenburg-Vorpommern"]
[Date "2017.10.08"]
[Round "1.1"]
[White "Luethke, Hans Eckart"]
[Black "Vietinghoff, Klaus"]
[Result "1-0"]
[WhiteElo "2091"]
[BlackElo "1733"]
[PlyCount "41"]
[EventDate "2017.??.??"]
[EventType "team-tourn"]
[EventRounds "9"]
[SourceDate "2017.10.08"]
[WhiteTeam "SSC Graal-Mueritz"]
[BlackTeam "FHSG Stralsund II"]

1. e4 d6 2. d4 g6 3. Nc3 Bg7 4. Bg5 Nf6 5. e5 dxe5 6. dxe5 Qxd1+ 7. Rxd1 Ng4 $2
8. h3 Nxf2 9. Kxf2 Bxe5 10. Nf3 Bd6 11. Nb5 O-O 12. Rxd6 exd6 13. Nxc7 Be6 14.
Nxa8 Rc8 15. Nd4 Nc6 16. Nxc6 bxc6 17. Bf4 Rxa8 18. Bxd6 Rd8 19. Bf4 f6 20. Be2
g5 21. Be3 1-0

[Event "LLO 2017/18"]
[Site "Mecklenburg-Vorpommern"]
[Date "2017.10.08"]
[Round "1.2"]
[White "Rickmann, Niklas"]
[Black "Van Bentum, Horst"]
[Result "0-1"]
[WhiteElo "1716"]
[BlackElo "1915"]
[PlyCount "32"]
[EventDate "2017.??.??"]
[EventType "team-tourn"]
[EventRounds "9"]
[SourceDate "2017.10.08"]
[WhiteTeam "FHSG Stralsund II"]
[BlackTeam "SSC Graal-Mueritz"]

1. e4 e5 2. Nf3 Nc6 3. d4 exd4 4. Nxd4 Qh4 5. Qd3 Nf6 6. Nxc6 dxc6 7. Nd2 Bc5
8. g3 Qh5 9. Be2 Bg4 10. Nf3 $2 Rd8 11. Qb3 Nxe4 12. O-O O-O 13. Bf4 Bb6 14. a4
a5 15. h4 h6 16. Be3 Bxf3 0-1

[Event "LLO 2017/18"]
[Site "Mecklenburg-Vorpommern"]
[Date "2017.10.08"]
[Round "1.3"]
[White "Simcaks, Sergejs"]
[Black "Boettner, Oliver"]
[Result "1-0"]
[WhiteElo "1832"]
[BlackElo "1581"]
[PlyCount "103"]
[EventDate "2017.??.??"]
[EventType "team-tourn"]
[EventRounds "9"]
[SourceDate "2017.10.08"]
[WhiteTeam "SSC Graal-Mueritz"]
[BlackTeam "FHSG Stralsund II"]

1. e4 c5 2. Nf3 Nc6 3. d4 cxd4 4. Nxd4 e6 5. Nc3 Bb4 6. Nxc6 Bxc3+ 7. bxc3 bxc6
8. Qd4 f6 9. Ba3 Ne7 10. Qd6 Kf7 11. Bc4 Re8 12. Rd1 Qa5 13. Bb4 Qe5 14. f3 a5
15. Qxe5 fxe5 16. Bd6 Ng6 17. Rb1 Ba6 18. Bxa6 Rxa6 19. Rb7 Rd8 20. O-O Ke8 21.
Rd1 Raa8 22. a4 h6 23. Kf2 Rdc8 24. Bc5 Rd8 25. Bd6 Rdc8 26. g4 c5 27. h4 h5
28. gxh5 Nf4 29. Bxe5 Nxh5 30. Rdxd7 Rd8 31. Re7+ Kf8 32. Ke3 Re8 33. Bxg7+
Nxg7 34. Rxg7 Reb8 35. h5 Rxb7 36. Rxb7 e5 37. h6 Kg8 38. Re7 Ra6 39. Rxe5 Rc6
40. f4 Kh7 41. f5 Rxh6 42. Rxc5 Rh3+ 43. Kf4 Rh2 44. Rxa5 Rxc2 45. Rc5 Ra2 46.
a5 Kg7 47. Ke5 Kf7 48. f6 Rf2 49. Rc7+ Ke8 50. Ke6 Kd8 51. Rg7 Rb2 52. Rg8+ 1-0

[Event "LLO 2017/18"]
[Site "Mecklenburg-Vorpommern"]
[Date "2017.10.08"]
[Round "1.4"]
[White "Jabbusch, Burkhard"]
[Black "Schulz, Wolf Detlef"]
[Result "1-0"]
[WhiteElo "1641"]
[BlackElo "1790"]
[PlyCount "75"]
[EventDate "2017.??.??"]
[EventType "team-tourn"]
[EventRounds "9"]
[SourceDate "2017.10.08"]
[WhiteTeam "FHSG Stralsund II"]
[BlackTeam "SSC Graal-Mueritz"]

1. f4 e5 2. d3 Nc6 3. Nf3 d6 4. c3 f5 5. Qc2 Nf6 6. e4 Be7 7. Be2 O-O 8. O-O
Ng4 9. h3 Nf6 10. fxe5 dxe5 11. Qb3+ Kh8 12. Ng5 Qe8 13. exf5 Na5 14. Qd1 Nc6
15. Ne4 Bd7 16. Be3 Qc8 17. Nxf6 Rxf6 18. g4 Qf8 19. Nd2 Bc5 20. Bxc5 Qxc5+ 21.
Kh2 Rh6 22. Rf3 Ne7 23. Ne4 Qb6 24. Qb3 Qc6 25. Raf1 Nd5 26. Ng5 Rf8 27. Rg3
Nf4 28. Bf3 Qf6 29. Ne4 Qh4 30. Nf2 g6 31. fxg6 Rxg6 32. Qc2 Nh5 33. Rfg1 Nxg3
34. Rxg3 Rgf6 35. Qe2 Qh6 36. g5 Rxf3 37. Qxe5+ R3f6 38. Rf3 1-0

[Event "LLO 2017/18"]
[Site "Mecklenburg-Vorpommern"]
[Date "2017.10.08"]
[Round "1.5"]
[White "Schumann, Lutz"]
[Black "Sparr, Andreas"]
[Result "0-1"]
[WhiteElo "1748"]
[BlackElo "1595"]
[PlyCount "74"]
[EventDate "2017.??.??"]
[EventType "team-tourn"]
[EventRounds "9"]
[SourceDate "2017.10.08"]
[WhiteTeam "SSC Graal-Mueritz"]
[BlackTeam "FHSG Stralsund II"]

1. c4 e6 2. Nf3 Nf6 3. g3 c6 4. Bg2 d5 5. O-O dxc4 6. Nc3 Nbd7 7. a4 Be7 8. Qc2
h6 9. Ne4 O-O 10. Qxc4 Nb6 11. Nxf6+ Bxf6 12. Qc2 Qc7 13. e4 e5 14. a5 Nd7 15.
b4 a6 16. Bb2 Re8 17. Rad1 Nf8 18. d4 exd4 19. Nxd4 Bg4 20. f3 Bxd4+ 21. Bxd4
Be6 22. Qc3 f6 23. Bb6 Qc8 24. Rfe1 Bh3 25. Rd6 Bxg2 26. Kxg2 Nd7 27. Qc4+ Kh8
28. Red1 Nxb6 29. axb6 Rf8 30. Rd7 a5 31. Rc7 Qe8 32. Rdd7 Rg8 33. bxa5 Rxa5
34. Rxb7 Rb5 35. Qd4 Qa8 36. Ra7 c5 37. Qxf6 Qxa7 0-1

[Event "LLO 2017/18"]
[Site "Mecklenburg-Vorpommern"]
[Date "2017.10.08"]
[Round "1.6"]
[White "Vlach, Michael"]
[Black "Perlick, Eberhard"]
[Result "0-1"]
[WhiteElo "1558"]
[BlackElo "1858"]
[PlyCount "134"]
[EventDate "2017.??.??"]
[EventType "team-tourn"]
[EventRounds "9"]
[SourceDate "2017.10.08"]
[WhiteTeam "FHSG Stralsund II"]
[BlackTeam "SSC Graal-Mueritz"]

1. Nf3 e6 2. c4 f5 3. d4 Nf6 4. Nc3 Bb4 5. a3 Bxc3+ 6. bxc3 O-O 7. Bg5 d6 8. e3
h6 9. Bxf6 Qxf6 10. Qc2 Nc6 11. Be2 e5 12. d5 Na5 13. Rb1 b6 14. O-O Bd7 15.
Nd2 g5 16. e4 f4 17. h3 Qg6 18. Qd1 Nb7 19. Bh5 Qh7 20. Qe2 Nc5 21. f3 Be8 22.
Bxe8 Raxe8 23. Kf2 Kf7 24. Nb3 Nd7 25. Qb2 h5 26. Rh1 Qg7 27. Rbg1 Ke7 28. Nc1
a6 29. Nd3 Rh8 30. Qb1 g4 31. hxg4 hxg4 32. Qd1 g3+ 33. Ke2 Rh2 34. Qf1 Reh8
35. Ke1 Qh6 36. Rxh2 Qxh2 37. Ke2 Kd8 38. Kd2 Kc8 39. a4 a5 40. Kc2 Rh5 41. Kd2
Nf6 42. Ne1 Nh7 43. Ke2 Ng5 44. Kd3 Rh7 45. Nc2 Qh5 46. Qe2 Qe8 47. Na3 Rh2 48.
Qd1 Nf7 49. Qb3 Nh8 50. Qb5 Qxb5 51. cxb5 Ng6 52. Nc2 Nf8 53. Kc4 Nd7 54. Kb3
Nc5+ 55. Ka3 Nd3 56. c4 Kd7 57. Kb3 Ke7 58. Ka3 Kf6 59. Kb3 Kg5 60. Ka3 Kh4 61.
Kb3 Nc5+ 62. Ka3 Nxe4 63. fxe4 f3 64. Ne3 f2 65. Rf1 Kg5 66. Kb3 Kf4 67. Nf5
Rxg2 0-1

[Event "LLO 2017/18"]
[Site "Mecklenburg-Vorpommern"]
[Date "2017.10.08"]
[Round "1.7"]
[White "Rath, Wolfgang"]
[Black "Isigkeit, Hans Juergen"]
[Result "1/2-1/2"]
[WhiteElo "1659"]
[BlackElo "1540"]
[PlyCount "49"]
[EventDate "2017.??.??"]
[EventType "team-tourn"]
[EventRounds "9"]
[SourceDate "2017.10.08"]
[WhiteTeam "SSC Graal-Mueritz"]
[BlackTeam "FHSG Stralsund II"]

1. e4 c5 2. Nf3 Nc6 3. d4 cxd4 4. Nxd4 Nf6 5. Nc3 e5 6. Nb3 d6 7. Bg5 Be7 8.
Qd2 Be6 9. O-O-O Bxb3 10. cxb3 a6 11. Kb1 Nd4 12. f3 h6 13. Bh4 O-O 14. Bf2 Nc6
15. Bc4 Rb8 16. Bd5 Nb4 17. Qe3 Qc7 18. Rd2 Qa5 19. a3 Nfxd5 20. Nxd5 Nxd5 21.
Rxd5 Qc7 22. Rc1 Qd7 23. Rc2 Rbc8 24. Rd3 Qb5 25. a4 1/2-1/2

[Event "LLO 2017/18"]
[Site "Mecklenburg-Vorpommern"]
[Date "2017.10.08"]
[Round "1.8"]
[White "Leddin, Mathias"]
[Black "Kraemer, Lothar"]
[Result "1-0"]
[WhiteElo "1538"]
[BlackElo "1165"]
[PlyCount "41"]
[EventDate "2017.??.??"]
[EventType "team-tourn"]
[EventRounds "9"]
[SourceDate "2017.10.08"]
[WhiteTeam "FHSG Stralsund II"]
[BlackTeam "SSC Graal-Mueritz"]

1. e4 c5 2. c4 Nc6 3. f4 e6 4. Nc3 Qh4+ 5. g3 Qd8 6. Bg2 Nge7 7. Nge2 g6 8. O-O
Bg7 9. d3 O-O 10. Be3 Nd4 11. e5 Nef5 12. Bf2 Rb8 13. Ne4 Qc7 14. g4 Nxe2+ 15.
Qxe2 Nd4 16. Qd2 f5 17. exf6 Bxf6 18. Bg3 Qd8 19. f5 exf5 20. Nxf6+ Rxf6 21.
Bxb8 1-0

[Event "LLO 2017/18"]
[Site "Mecklenburg-Vorpommern"]
[Date "2017.10.08"]
[Round "1.1"]
[White "Alder, Bodo"]
[Black "Kilp, Andreas"]
[Result "1/2-1/2"]
[WhiteElo "1844"]
[BlackElo "1701"]
[PlyCount "95"]
[EventDate "2017.??.??"]
[EventType "team-tourn"]
[EventRounds "9"]
[SourceDate "2017.10.08"]
[WhiteTeam "Seehotel Binz"]
[BlackTeam "SAV Torgelow II"]

1. e4 e5 2. Nf3 Nc6 3. Bc4 Be7 4. Nc3 Nf6 5. O-O d6 6. h3 O-O 7. d4 exd4 8.
Nxd4 Bd7 9. Re1 a6 10. a4 Nxd4 11. Qxd4 Bc6 12. Bg5 h6 13. Bh4 Re8 14. Rad1 Nd7
15. Bxe7 Rxe7 16. b4 b6 17. f4 Re8 18. Bxf7+ Kxf7 19. Qc4+ Kf8 20. Qxc6 Rc8 21.
e5 Nb8 22. Qf3 Qd7 23. b5 Qf5 24. Qe2 Kg8 25. bxa6 Qxf4 26. Rf1 Qb4 27. e6 Nc6
28. Rfe1 Qc5+ 29. Kh1 Qc4 30. Kg1 Qb4 31. Nd5 Qc5+ 32. Kh1 Nb8 33. Qf2 Nc6 34.
Qe3 Nb8 35. Qe2 Nc6 36. Qg4 Kh8 37. e7 Ne5 38. Qe6 Qxc2 39. Rc1 Qd2 40. Rf1 Qe2
41. Rf3 Qxa6 42. Rfc3 Nd3 43. Nf6 Nxc1 44. Nxe8 Qf1+ 45. Kh2 Qf4+ 46. Kh1 Qf1+
47. Kh2 Qf4+ 48. Kh1 1/2-1/2

[Event "LLO 2017/18"]
[Site "Mecklenburg-Vorpommern"]
[Date "2017.10.08"]
[Round "1.2"]
[White "Kilp, Gunnar"]
[Black "Ertel, Wolfhard"]
[Result "1/2-1/2"]
[WhiteElo "1685"]
[BlackElo "1838"]
[PlyCount "25"]
[EventDate "2017.??.??"]
[EventType "team-tourn"]
[EventRounds "9"]
[SourceDate "2017.10.08"]
[WhiteTeam "SAV Torgelow II"]
[BlackTeam "Seehotel Binz"]

1. d4 Nf6 2. Nf3 g6 3. Bf4 Bg7 4. e3 O-O 5. Bc4 d6 6. O-O b6 7. a4 Nbd7 8. c3
Bb7 9. Nbd2 c5 10. Qe2 Nd5 11. Bg3 Bh6 12. Bxd5 Bxd5 13. c4 1/2-1/2

[Event "LLO 2017/18"]
[Site "Mecklenburg-Vorpommern"]
[Date "2017.10.08"]
[Round "1.3"]
[White "Fechner, Henrik"]
[Black "Kasel, Alexander"]
[Result "1/2-1/2"]
[WhiteElo "1759"]
[BlackElo "1668"]
[PlyCount "46"]
[EventDate "2017.??.??"]
[EventType "team-tourn"]
[EventRounds "9"]
[SourceDate "2017.10.08"]
[WhiteTeam "Seehotel Binz"]
[BlackTeam "SAV Torgelow II"]

1. b3 c5 2. Bb2 d5 3. e3 e6 4. Nf3 Nc6 5. d4 Nf6 6. Be2 Be7 7. O-O O-O 8. c4
cxd4 9. Nxd4 Nxd4 10. Bxd4 b6 11. Bf3 Ba6 12. Nd2 Rc8 13. Be2 Bb4 14. Rc1 Bxd2
15. Qxd2 dxc4 16. Bxc4 Bxc4 17. Rxc4 Rxc4 18. bxc4 e5 19. Bc3 Qc7 20. Rd1 Ne4
21. Qd3 Nxc3 22. Qxc3 Rd8 23. Rxd8+ Qxd8 1/2-1/2

[Event "LLO 2017/18"]
[Site "Mecklenburg-Vorpommern"]
[Date "2017.10.08"]
[Round "1.4"]
[White "Schmekel, Felix"]
[Black "Horch, Helmut"]
[Result "0-1"]
[WhiteElo "1636"]
[BlackElo "1733"]
[PlyCount "68"]
[EventDate "2017.??.??"]
[EventType "team-tourn"]
[EventRounds "9"]
[SourceDate "2017.10.08"]
[WhiteTeam "SAV Torgelow II"]
[BlackTeam "Seehotel Binz"]

1. d4 e6 2. c4 d5 3. Nc3 Nf6 4. cxd5 exd5 5. Bg5 Be7 6. e3 O-O 7. Bd3 c6 8.
Nge2 Nh5 9. Bxe7 Qxe7 10. Ng3 Nf6 11. O-O g6 12. Rb1 Ng4 13. Qf3 f5 14. Rfe1
Be6 15. b4 a6 16. a4 Nf6 17. Rec1 Ne4 18. Rc2 b5 19. Nge2 Nd7 20. Nf4 Nb6 21.
Bxe4 fxe4 22. Qg3 Bd7 23. a5 Nc4 24. Rb3 Rf5 25. Qg4 Kh8 26. Qd1 Raf8 27. Nce2
g5 28. Nh3 R5f7 29. Ng3 Bxh3 30. gxh3 Rf3 31. Kg2 Qf7 32. Qe1 h5 33. Qe2 h4 34.
Nf1 Qf5 0-1

[Event "LLO 2017/18"]
[Site "Mecklenburg-Vorpommern"]
[Date "2017.10.08"]
[Round "1.5"]
[White "Oergel, Ullrich"]
[Black "Schmekel, Matthias"]
[Result "1/2-1/2"]
[WhiteElo "1733"]
[BlackElo "1638"]
[PlyCount "164"]
[EventDate "2017.??.??"]
[EventType "team-tourn"]
[EventRounds "9"]
[SourceDate "2017.10.08"]
[WhiteTeam "Seehotel Binz"]
[BlackTeam "SAV Torgelow II"]

1. c4 f5 2. Nc3 Nf6 3. g3 c6 4. Bg2 g6 5. Nf3 Bg7 6. O-O O-O 7. d3 Qe8 8. d4 d6
9. e3 e5 10. dxe5 dxe5 11. Qc2 Na6 12. a3 Nh5 13. b3 f4 14. exf4 Bf5 15. Qb2
exf4 16. gxf4 Nc5 17. Ne5 Nd3 18. Nxd3 Bxd3 19. Rd1 Rd8 20. Be3 Nxf4 21. Bxf4
Rxf4 22. Re1 Qf8 23. f3 Bd4+ 24. Kh1 Qf6 25. Rac1 Rh4 26. h3 Qf4 27. Rcd1 Be5
28. Rxe5 Qxe5 29. Qd2 Rhd4 30. Re1 Qg3 31. Qe3 Qd6 32. a4 Bf5 33. Qg5 Rd3 34.
Ne4 Bxe4 35. fxe4 Rg3 36. Qh4 g5 37. Qh5 Qd2 38. Rg1 Qf2 39. e5 Rd2 40. Qe8+
Kg7 41. Qe7+ Qf7 42. Qxf7+ Kxf7 43. Bd5+ Rxd5 44. e6+ Ke7 45. Rxg3 Re5 46. h4
h6 47. hxg5 Rxg5 48. Re3 Rg6 49. b4 Rxe6 50. Rb3 Kd6 51. Rd3+ Kc7 52. c5 Re1+
53. Kg2 Rb1 54. Rd4 Rb3 55. Rf4 a6 56. a5 Re3 57. Rf7+ Kc8 58. Rf4 Kd7 59. Kf2
Re5 60. Kg3 Ke7 61. Kh4 Kd7 62. Rd4+ Ke6 63. Kg4 Rd5 64. Re4+ Re5 65. Rd4 Rg5+
66. Kf4 Rd5 67. Re4+ Kf6 68. Kg4 h5+ 69. Kf4 Rf5+ 70. Kg3 Kg5 71. Re7 h4+ 72.
Kg2 Kf4 73. Rxb7 Rg5+ 74. Kh2 Kf3 75. Rf7+ Ke4 76. Rf6 Kd5 77. Rd6+ Kc4 78.
Rxc6 Kxb4 79. Rxa6 Rxc5 80. Kh3 Kb5 81. Ra8 Rc4 82. a6 Ra4 1/2-1/2

[Event "LLO 2017/18"]
[Site "Mecklenburg-Vorpommern"]
[Date "2017.10.08"]
[Round "1.6"]
[White "Schmidt, Paul"]
[Black "Schleef, Roberto"]
[Result "1-0"]
[WhiteElo "1590"]
[BlackElo "1604"]
[PlyCount "33"]
[EventDate "2017.??.??"]
[EventType "team-tourn"]
[EventRounds "9"]
[SourceDate "2017.10.08"]
[WhiteTeam "SAV Torgelow II"]
[BlackTeam "Seehotel Binz"]

1. e4 c5 2. d4 e6 3. Nf3 cxd4 4. c3 dxc3 5. Nxc3 Bb4 6. Bc4 Ne7 7. O-O Bxc3 8.
bxc3 O-O 9. Ba3 Nbc6 10. Qd6 Re8 11. Rfd1 a6 12. Rab1 Qa5 13. Bc5 b5 14. Bb3
Qxc3 15. Rbc1 Qa5 16. Ne5 Nxe5 17. Bb6 1-0

[Event "LLO 2017/18"]
[Site "Mecklenburg-Vorpommern"]
[Date "2017.10.08"]
[Round "1.7"]
[White "Rosenbusch, Robert Mario"]
[Black "Plock, Joerg"]
[Result "1-0"]
[WhiteElo "1729"]
[BlackElo "1558"]
[PlyCount "119"]
[EventDate "2017.??.??"]
[EventType "team-tourn"]
[EventRounds "9"]
[SourceDate "2017.10.08"]
[WhiteTeam "Seehotel Binz"]
[BlackTeam "SAV Torgelow II"]

1. d4 d5 2. Nc3 Nf6 3. Bf4 e6 4. e3 Bb4 5. Bd3 O-O 6. Nge2 a6 7. a3 Bd6 8. O-O
Nc6 9. b4 e5 10. dxe5 Bxe5 11. Rc1 Be6 12. Na4 Bxf4 13. Nxf4 Ne5 14. Nxe6 fxe6
15. Nc5 Qc8 16. Be2 b6 17. Nb3 Ne4 18. c4 Rd8 19. Qc2 c6 20. f4 dxc4 21. Bxc4
Nxc4 22. Qxc4 Nd6 23. Qxc6 Qb7 24. Nd4 Qxc6 25. Rxc6 Kf7 26. Rfc1 Rac8 27. Kf2
Ke7 28. Rc7+ Rxc7 29. Rxc7+ Rd7 30. Rc6 Rb7 31. Kf3 a5 32. bxa5 bxa5 33. Ra6
Nc4 34. Rxe6+ Kf7 35. Ra6 Re7 36. Nc2 Rc7 37. Ke2 Nb2 38. Nd4 Nc4 39. e4 Rc5
40. Ra7+ Kf6 41. e5+ Kg6 42. g4 Nxa3 43. f5+ Kh6 44. e6 Re5+ 45. Kf3 Nc4 46.
Kf4 Rd5 47. Nf3 Nd6 48. Ne5 Rd4+ 49. Kf3 Re4 50. Nf7+ Nxf7 51. Rxf7 Re5 52. Kf4
Re2 53. Ra7 Rxh2 54. Rxa5 Rb2 55. Re5 Rb4+ 56. Re4 Rb8 57. e7 Re8 58. Re6+ g6
59. g5+ Kh5 60. f6 1-0

[Event "LLO 2017/18"]
[Site "Mecklenburg-Vorpommern"]
[Date "2017.10.08"]
[Round "1.8"]
[White "Troemer, Axel"]
[Black "Ilanz, Kazimierz"]
[Result "1-0"]
[WhiteElo "1360"]
[BlackElo "1614"]
[PlyCount "48"]
[EventDate "2017.??.??"]
[EventType "team-tourn"]
[EventRounds "9"]
[SourceDate "2017.10.08"]
[WhiteTeam "SAV Torgelow II"]
[BlackTeam "Seehotel Binz"]

1. e4 e5 2. Nf3 Nc6 3. Bb5 a6 4. Ba4 Nf6 5. O-O Be7 6. c3 d5 7. Nxe5 Qd6 8.
exd5 Nxd5 9. Re1 b5 10. Qh5 Nxe5 11. Qxe5 bxa4 12. Qxg7 Qf6 13. Qg3 Kf8 14. d4
Rg8 15. Qe3 Bf5 16. Qf3 Be6 17. Qh5 Nf4 18. Qxh7 Nh3+ 19. Kh1 Qxf2 20. Bh6+ Ke8
21. Qxg8+ Kd7 22. Qg3 Qxg3 23. hxg3 Nf2+ 24. Kg1 Ne4 1-0

[Event "LLO 2017/18"]
[Site "Mecklenburg-Vorpommern"]
[Date "2017.10.08"]
[Round "1.1"]
[White "Menkhaus, Wolf Dieter"]
[Black "Eckermann, Klaus"]
[Result "1/2-1/2"]
[WhiteElo "1832"]
[BlackElo "1749"]
[PlyCount "37"]
[EventDate "2017.??.??"]
[EventType "team-tourn"]
[EventRounds "9"]
[SourceDate "2017.10.08"]
[WhiteTeam "SSC Rostock II"]
[BlackTeam "Ribnitz-Damgarten"]

1. d4 Nf6 2. c4 g6 3. Nc3 Bg7 4. e4 d6 5. Be2 O-O 6. Nf3 Nbd7 7. Qc2 e5 8. dxe5
Nxe5 9. Nxe5 dxe5 10. Bg5 c6 11. O-O Be6 12. b3 Qe7 13. Rfd1 Rfd8 14. Na4 b6
15. a3 Rxd1+ 16. Rxd1 Rd8 17. Nc3 Rxd1+ 18. Qxd1 Qd7 19. Qxd7 1/2-1/2